[Event "King Abdullah II op 3rd"]
[Site "Amman"]
[Date "2009.06.19"]
[Round "3"]
[White "Osama, Sharabasy"]
[Black "Alattar, Rakan"]
[Result "0-1"]
[WhiteElo "2000"]
[BlackElo "1777"]
[PlyCount "39"]
[EventDate "2009.06.18"]
[EventType "swiss"]
[EventRounds "9"]
[EventCountry "JOR"]
[SourceTitle "EXT 2022"]
[Source "ChessBase"]
[SourceDate "2021.10.06"]
[SourceVersion "1"]
[SourceVersionDate "2021.10.06"]
[SourceQuality "1"]

1. e4 c5 2. Nf3 Nc6 3. Nc3 Nf6 4. d3 g6 5. g3 Bg7 6. Bg2 0-0 7. 0-0 b6 8. Bf4 Bb7 9. Qc1 Re8 10. Bh6 Bh8 11. h3 a6 12. Qe3 Nd4 13. Ne1 Qc7 14. f4 d6 15. f5 Nb5 16. fxg6 fxg6 17. Nd5 Nxd5 18. exd5 Bd4 19. Qxd4 cxd4 20. c3 0-1